Capital cities of Africa - Random - Statistics

General Stats
  • This quiz has been taken 293 times
  • The average score is 29 of 54
Answer Stats
country Capital % Correct
Egypt Cairo
83%
Kenya Nairobi
81%
Tunisia Tunis
79%
South Africa Capetown
77%
Morocco Rabat
76%
Libya Tripoli
75%
Ethiopia Addis Ababa
72%
Algeria Algiers
72%
Djibouti Djibouti
71%
Senegal Dakar
69%
DRC Kinshasa
69%
Nigeria Abuja
65%
Guinea Bissau Bissau
65%
Namibia Windhoek
65%
Sierra Leone Freetown
64%
Uganda Kampala
63%
Sudan Khartoum
63%
Somalia Mogadishu
63%
Republic of Congo Brazzaville
61%
Zambia Lusaka
61%
Ghana Accra
60%
Mali Bamako
60%
Zimbabwe Harare
59%
South Sudan Juba
57%
Niger Niamey
57%
São Tomé and Príncipe São Tomé
57%
Seychelles Victoria
56%
Rwanda Kigali
55%
Liberia Monrovia
55%
Burkina Faso Ouagadougou
55%
Mozambique Maputo
52%
Chad N'Djamena
52%
Gabon Libreville
51%
Cameroon Yaoundé
51%
Cape Verde Praia
49%
Tanzania Dodoma
47%
Botswana Gaborone
46%
Benin Porto novo
46%
Benin Porto-Novo
46%
Eritrea Asmara
45%
Togo Lome
45%
Mauritania Nouakchott
45%
Mauritius Port Louis
45%
Malawi Lilongwe
43%
Guinea Conakry
41%
Comoros Moroni
41%
Lesotho Maseru
40%
Equatorial Guinea Malabo
39%
CAR Bangui
35%
Gambia Banjul
35%
Eswatini Mbabane
33%
Burundi Gitega
29%
Ivory Coast Abidjan
12%
Somalia Hargeisa
3%
No matching quizzes found
Score Distribution
Percent of People with Each Score
Percentile by Number Answered
Your Score History
You have not taken this quiz